000 00462nam a2200181Ia 4500
001 13662
005 20260306164817.0
008 260306t2006||||xx |||||||||||||| ||spa||
041 _aESP
082 _a005.1
_bW15
100 _aWagner, Ferdinand
_eAUT
245 0 _aModeling software with finite state machines:
_ba practical approach
260 _c2006
300 _a369 páginas :
_c24 cm.
650 _aGEN
654 _aCCC
942 _cLIB
_dJUS
_fJUS
_2ddc
_n
999 _c13662
_d13662